00674nam a2200193Ia 4500020001800000082001900018245007400037260004000111300001000151440006500161504003600226650004400262650002500306650004500331650004600376700001900422700001900441700002000460 a0-7546-0450-0 a306.60942 REL- 0aReligion, identity and change: perspectives on global transformations aAldershotbAshgate Publishingc2004 a214p. aReligion and Theology in Interdisciplinary Perspectives Seri aincludes bibliography and index aReligion and sociology - United Kingdom aSociety and religion aUnited Kingdom - Religion - 20th century aIdentity (Psychology) - religious aspects aColeman, Simon aCollins, Peter aDavies, Douglas